000 00711cam a2200193 4500
001 WS110349
008 000000n 000 0 eng u
035 _a(Sirsi) u110349
110 _aInstitute of Art and Law
_92984
245 _aInstitute of Art and Law
520 _aSite for this organisation which 'analyses the interface between the world of art and antiquities and that of law' describing the courses it runs and including past seminar papers.
650 _aFINE ART
650 _aArts and antiques
_96217
650 _aLAW
650 _aORGANISATION
690 _aArts and antiques
_96217
856 4 0 _uhttps://www.ial.uk.com/
_zView the website free of charge at www.ial.uk.com/...
942 _n0
999 _c119740
_d119740